Dạ dày và đường tiêu hóa/
.
Đã lưu trong:
| Tác giả chính: | |
|---|---|
| Định dạng: | Sách |
| Năm xuất bản: |
[H.]:
Y học,
1999.-
|
| Chủ đề: | |
| Tags: |
Thêm thẻ
Không có thẻ, Hãy là người đầu tiên gắn thẻ bản ghi này!
|
| LEADER | 00713nam a2200157 4500 | ||
|---|---|---|---|
| 082 | |a 612 |b Z 310 H | ||
| 100 | |a Zim, Herbert S | ||
| 245 | |a Dạ dày và đường tiêu hóa/ |c Herbert S.Zim; Thanh Hương, Thanh Liêm biên dịch | ||
| 260 | |a [H.]: |b Y học, |c 1999.- | ||
| 300 | |a 68tr.; |c 21cm | ||
| 520 | |a . | ||
| 653 | |a Y học%Sinh lí người%Dạ dày%Đường tiêu hóa | ||
| 942 | |2 ddc |c STK0 | ||
| 999 | |c 6074 |d 6074 | ||
| 952 | |0 0 |1 0 |2 ddc |4 0 |6 612_Z_310000000000000_H |7 0 |8 600 |9 55539 |a qbu |b qbu |c D3 |d 2015-01-14 |g 9000 |o 612 Z 310 H |p 6389.C1 |r 0000-00-00 |w 2015-01-14 |y STK0 | ||
| 952 | |0 0 |1 0 |2 ddc |4 0 |6 612_Z_310000000000000_H |7 0 |8 600 |9 55540 |a qbu |b qbu |c D3 |d 2015-01-14 |g 9000 |o 612 Z 310 H |p 6389.C2 |r 0000-00-00 |w 2015-01-14 |y STK0 | ||